México: atrapados en la nueva coyuntura petrolera

Saved in:
Bibliographic Details
Main Author: Cabrera, Ignacio
Format: Text
Published: México D.F.: Proyecto Lázaro Cárdenas
Tags: Add Tag
No Tags, Be the first to tag this record!

MARC

LEADER 00000 a a2200000 04500
001 25113
003
040
090 |a 179900  
100 |a Cabrera, Ignacio  
245 |a México: atrapados en la nueva coyuntura petrolera  
260 |a México D.F.:   |b Proyecto Lázaro Cárdenas  
300 |a 7 p.  
999 |c 6379  |d 6379